Singapore : 2021 Article IV Consultation-Press Release; Staff Report; and Statement by the Executive Director for Singapore.

Singapore entered the COVID-19 pandemic with sizable policy space and robust economic policy frameworks, yet facing longer-term challenges. The economy has been severely impacted by the pandemic, but a bold, comprehensive, and coordinated policy package has helped cushion the economic fallout. Follo...

Descrición completa

Detalles Bibliográficos
Autor Corporativo: International Monetary Fund. Asia and Pacific Dept
Formato: Revista
Idioma:English
Publicado: Washington, D.C. : International Monetary Fund, 2021.
Series:IMF Staff Country Reports; Country Report ; No. 2021/156
Subjects:
Acceso en liña:Full text available on IMF
LEADER 01921cas a2200301 a 4500
001 AALejournalIMF021887
008 230101c9999 xx r poo 0 0eng d
020 |c 5.00 USD 
020 |z 9781513586038 
022 |a 1934-7685 
040 |a BD-DhAAL  |c BD-DhAAL 
110 2 |a International Monetary Fund.  |b Asia and Pacific Dept. 
245 1 0 |a Singapore :   |b 2021 Article IV Consultation-Press Release; Staff Report; and Statement by the Executive Director for Singapore. 
264 1 |a Washington, D.C. :  |b International Monetary Fund,  |c 2021. 
300 |a 1 online resource (83 pages) 
490 1 |a IMF Staff Country Reports 
500 |a <strong>Off-Campus Access:</strong> No User ID or Password Required 
500 |a <strong>On-Campus Access:</strong> No User ID or Password Required 
506 |a Electronic access restricted to authorized BRAC University faculty, staff and students 
520 3 |a Singapore entered the COVID-19 pandemic with sizable policy space and robust economic policy frameworks, yet facing longer-term challenges. The economy has been severely impacted by the pandemic, but a bold, comprehensive, and coordinated policy package has helped cushion the economic fallout. Following a record contraction in the first half of 2020, activity has rebounded, and growth is projected to strengthen to 6 percent in 2021, underpinned by a recovery in domestic demand and a positive contribution from net exports. The uncertainty surrounding the outlook is larger than usual. 
538 |a Mode of access: Internet 
650 7 |a International Agreements  |2 imf 
650 7 |a International Organizations  |2 imf 
650 7 |a Monetary Policy  |2 imf 
650 7 |a Observance  |2 imf 
651 7 |a Singapore  |2 imf 
830 0 |a IMF Staff Country Reports; Country Report ;  |v No. 2021/156 
856 4 0 |z Full text available on IMF  |u http://elibrary.imf.org/view/journals/002/2021/156/002.2021.issue-156-en.xml  |z IMF e-Library